[Event "BCF-chT3W 2223 (4NCL)"]
[Site "England"]
[Date "2023.03.19"]
[Round "8.43"]
[White "Headlong, Timothy"]
[Black "Blinov, Roman"]
[Result "1/2-1/2"]
[WhiteElo "2061"]
[BlackElo "1945"]
[PlyCount "43"]
[EventDate "2022.10.22"]
[EventType "team-tourn"]
[EventRounds "11"]
[EventCountry "ENG"]
[SourceTitle "EXT 2024"]
[Source "ChessBase"]
[SourceDate "2023.10.10"]
[SourceVersion "1"]
[SourceVersionDate "2023.10.10"]
[SourceQuality "1"]
[WhiteTeam "Brown Jack"]
[BlackTeam "Oxford II"]
[WhiteTeamCountry "ENG"]
[BlackTeamCountry "ENG"]

1. Nf3 d5 2. c4 c6 3. d4 Nf6 4. Nc3 dxc4 5. a4 Bf5 6. e3 e6 7. Bxc4 Nbd7 8. 0-0 Bb4 9. Qe2 Ne4 10. Nxe4 Bxe4 11. Rd1 0-0 12. Bd3 Nf6 13. Bd2 Qe7 14. Bxe4 Nxe4 15. Bxb4 Qxb4 16. Qc2 Nf6 17. Ne5 Rfd8 18. Nd3 Qe7 19. Qc5 Qxc5 20. Nxc5 Rab8 21. Rac1 Nd7 22. Nd3 1/2-1/2

[Event "BCF-chT2a 1920 (4NCL)"]
[Site "Daventry"]
[Date "2020.02.08"]
[Round "5.33"]
[White "Headlong, Timothy"]
[Black "Walker, Martin Graham"]
[Result "0-1"]
[WhiteElo "2080"]
[BlackElo "2186"]
[PlyCount "86"]
[EventDate "2020.01.11"]
[EventType "team-tourn"]
[EventRounds "11"]
[EventCountry "ENG"]
[SourceTitle "CBM 194 Extra"]
[Source "ChessBase"]
[SourceDate "2020.03.31"]
[SourceVersion "1"]
[SourceVersionDate "2020.03.31"]
[SourceQuality "1"]
[WhiteTeam "Check Innmates"]
[BlackTeam "Anglian Avengers"]
[WhiteTeamCountry "ENG"]
[BlackTeamCountry "ENG"]

1. Nf3 d5 2. c4 d4 3. d3 g6 4. g3 Bg7 5. Bg2 Nc6 6. 0-0 e5 7. Na3 Nge7 8. Nc2 a5 9. Bd2 0-0 10. b3 Re8 11. a3 f6 12. b4 Be6 13. bxa5 Nxa5 14. Bxa5 Rxa5 15. Nd2 b6 16. Qb1 Qd7 17. Rd1 Bg4 18. Re1 Kf7 19. Qb3 h5 20. Nf1 Be6 21. Qb1 h4 22. e3 dxe3 23. Ncxe3 Rd8 24. Rd1 f5 25. Ra2 f4 26. Nd5 Nxd5 27. cxd5 Bxd5 28. Bxd5+ Rxd5 29. Rc2 Qd6 30. Rdc1 c5 31. Rb2 Rb8 32. Nd2 hxg3 33. hxg3 Rxd3 34. Ne4 Qd5 35. Nxc5 Rh8 36. f3 Rxf3 37. Ne4 Re3 38. Ng5+ Ke7 39. Rc7+ Kd8 40. Ne6+ Qxe6 41. Rxb6 Rh1+ 42. Kxh1 Qh3+ 43. Kg1 Rxg3+ 0-1

[Event "BCF-chT3S 1819 (4NCL) Promotion pool"]
[Site "England"]
[Date "2019.05.05"]
[Round "10.12"]
[White "Tambini, Jasper"]
[Black "Headlong, Timothy"]
[Result "1/2-1/2"]
[WhiteElo "2066"]
[BlackElo "2127"]
[PlyCount "53"]
[EventDate "2019.04.14"]
[EventType "team-tourn"]
[EventRounds "11"]
[EventCountry "ENG"]
[SourceTitle "EXT 2021"]
[Source "ChessBase"]
[SourceDate "2020.10.23"]
[SourceVersion "1"]
[SourceVersionDate "2020.10.23"]
[SourceQuality "1"]
[WhiteTeam "Surbiton"]
[BlackTeam "Check Innmates"]
[WhiteTeamCountry "ENG"]
[BlackTeamCountry "ENG"]

1. e4 c5 2. Nc3 Nc6 3. f4 g6 4. Nf3 Bg7 5. Bb5 Nd4 6. 0-0 Nxb5 7. Nxb5 d5 8. e5 a6 9. Nc3 Bg4 10. d4 cxd4 11. Qxd4 Bxf3 12. Rxf3 e6 13. Be3 Bf8 14. Ne2 Ne7 15. Qd2 Nc6 16. Nd4 Na5 17. b3 Rc8 18. Raf1 Nc6 19. c3 Nxd4 20. cxd4 h5 21. Rh3 Rg8 22. Bf2 Qc7 23. Be3 Be7 24. Rc1 Qxc1+ 25. Qxc1 Rxc1+ 26. Bxc1 Kd7 27. Rc3 1/2-1/2

[Event "BCF-chT3Sa 1819 (4NCL)"]
[Site "England"]
[Date "2019.02.10"]
[Round "6.13"]
[White "Headlong, Timothy"]
[Black "Okike, David"]
[Result "1/2-1/2"]
[WhiteElo "2132"]
[BlackElo "2169"]
[PlyCount "85"]
[EventDate "2018.11.17"]
[EventType "team-tourn"]
[EventRounds "7"]
[EventCountry "ENG"]
[SourceTitle "EXT 2021"]
[Source "ChessBase"]
[SourceDate "2020.10.23"]
[SourceVersion "1"]
[SourceVersionDate "2020.10.23"]
[SourceQuality "1"]
[WhiteTeam "Check Innmates"]
[BlackTeam "Kings Head"]
[WhiteTeamCountry "ENG"]
[BlackTeamCountry "ENG"]

1. Nf3 d5 2. c4 c6 3. d4 Nf6 4. Nc3 e6 5. e3 Bd6 6. Qc2 Nbd7 7. Be2 a6 8. a3 0-0 9. e4 dxe4 10. Nxe4 Be7 11. Nc3 Qc7 12. 0-0 e5 13. Re1 exd4 14. Nxd4 Bd6 15. h3 a5 16. Be3 Re8 17. Rad1 Nc5 18. Ndb5 cxb5 19. Nxb5 Bh2+ 20. Kh1 Qe5 21. Bd4 Bf5 22. Qd2 Bf4 23. Qc3 Nce4 24. Bxe5 Nxc3 25. Bxc3 Bc2 26. Ra1 Ne4 27. Bd4 Bd2 28. Rf1 Rad8 29. Bf3 Bd3 30. Rfd1 Bxc4 31. Bxe4 Rxe4 32. Rxd2 Bxb5 33. Be3 Rxd2 34. Bxd2 Re2 35. Bxa5 Rxf2 36. Rd1 h6 37. Rd2 Rf5 38. Bc3 Bc6 39. Kg1 f6 40. Rf2 Rg5 41. Bd2 Rd5 42. Bc3 Rg5 43. Bd2 1/2-1/2

[Event "BCF-chT3Sb 1718 (4NCL)"]
[Site "England"]
[Date "2018.03.24"]
[Round "7.83"]
[White "Headlong, Timothy"]
[Black "Jones, Christopher M"]
[Result "1/2-1/2"]
[WhiteElo "2130"]
[BlackElo "2128"]
[PlyCount "33"]
[EventDate "2017.11.11"]
[EventType "team-tourn"]
[EventRounds "11"]
[EventCountry "ENG"]
[SourceTitle "EXT 2020"]
[Source "ChessBase"]
[SourceDate "2019.10.17"]
[SourceVersion "1"]
[SourceVersionDate "2019.10.17"]
[SourceQuality "1"]
[WhiteTeam "Brown Jack"]
[BlackTeam "The Rookies"]
[WhiteTeamCountry "ENG"]
[BlackTeamCountry "ENG"]

1. Nf3 d5 2. c4 e6 3. g3 Nf6 4. Bg2 Be7 5. 0-0 0-0 6. d4 c6 7. Qc2 Ne4 8. b3 Nd7 9. Bb2 f5 10. e3 Qe8 11. Ne5 Qh5 12. f3 Ng5 13. f4 Ne4 14. Bf3 Qh3 15. Bg2 Qh5 16. Bf3 Qh3 17. Bg2 1/2-1/2

[Event "BCF-chT4S 1617 (4NCL)"]
[Site "England"]
[Date "2017.02.12"]
[Round "6.41"]
[White "Headlong, Timothy"]
[Black "Cole, Graham"]
[Result "1/2-1/2"]
[WhiteElo "2072"]
[BlackElo "1829"]
[PlyCount "56"]
[EventDate "2016.11.26"]
[EventType "team-swiss"]
[EventRounds "11"]
[EventCountry "ENG"]
[SourceTitle "EXT 2019"]
[Source "ChessBase"]
[SourceDate "2018.10.10"]
[SourceVersion "1"]
[SourceVersionDate "2018.10.10"]
[SourceQuality "1"]
[WhiteTeam "Brown Jack II"]
[BlackTeam "Oxford III"]
[WhiteTeamCountry "ENG"]
[BlackTeamCountry "ENG"]

1. Nf3 Nf6 2. c4 g6 3. Nc3 Bg7 4. e4 d6 5. d4 0-0 6. Be2 e5 7. d5 a5 8. Bg5 h6 9. Bh4 Na6 10. 0-0 Qe8 11. Nd2 Bd7 12. b3 Nh7 13. a3 h5 14. f3 Bh6 15. Kh1 Be3 16. Qc2 Bc5 17. Nd1 Bd4 18. Rb1 Bc5 19. Qc1 b6 20. Bf2 Qe7 21. Bxc5 Nxc5 22. b4 axb4 23. axb4 Nb7 24. Ra1 h4 25. Nb3 Nf6 26. Nc3 Rxa1 27. Nxa1 Nh5 28. Qh6 Ra8 1/2-1/2

[Event "BCF-chT3Sa 1617 (4NCL)"]
[Site "England"]
[Date "2017.02.11"]
[Round "5.15"]
[White "Headlong, Timothy"]
[Black "Ashley, Shane"]
[Result "1-0"]
[WhiteElo "2072"]
[BlackElo "1705"]
[PlyCount "47"]
[EventDate "2016.11.26"]
[EventType "team-tourn"]
[EventRounds "11"]
[EventCountry "ENG"]
[SourceTitle "EXT 2019"]
[Source "ChessBase"]
[SourceDate "2018.10.10"]
[SourceVersion "1"]
[SourceVersionDate "2018.10.10"]
[SourceQuality "1"]
[WhiteTeam "Brown Jack"]
[BlackTeam "The Rookies"]
[WhiteTeamCountry "ENG"]
[BlackTeamCountry "ENG"]

1. Nf3 d6 2. d4 Bg4 3. c4 Bxf3 4. gxf3 Nd7 5. Nc3 Ngf6 6. e4 e5 7. Be3 c6 8. Qd2 exd4 9. Bxd4 Ne5 10. Be2 Qd7 11. f4 Ng6 12. f5 Ne7 13. 0-0-0 Qc7 14. Kb1 0-0-0 15. Rhg1 Kb8 16. Rg3 Neg8 17. Be3 d5 18. cxd5 Bd6 19. f4 Bb4 20. Bf3 Qa5 21. Bd4 g6 22. a3 Be7 23. Be5+ Kc8 24. Qc2 1-0

[Event "BCF-chT2a 1415 (4NCL)"]
[Site "England"]
[Date "2014.11.16"]
[Round "2.241"]
[White "Stebbings, Anthony"]
[Black "Headlong, Timothy"]
[Result "1/2-1/2"]
[WhiteElo "2330"]
[BlackElo "2160"]
[PlyCount "89"]
[EventDate "2014.11.15"]
[EventType "team-tourn"]
[EventRounds "7"]
[EventCountry "ENG"]
[SourceTitle "CBM 163 Extra"]
[Source "ChessBase"]
[SourceDate "2014.12.23"]
[SourceVersion "1"]
[SourceVersionDate "2014.12.23"]
[SourceQuality "1"]
[WhiteTeam "KJCA Kings"]
[BlackTeam "Brown Jack Witney"]
[WhiteTeamCountry "ENG"]
[BlackTeamCountry "ENG"]

1. e4 c5 2. Nf3 Nc6 3. d4 cxd4 4. Nxd4 g6 5. c4 Bg7 6. Nc2 d6 7. Be2 Nf6 8. Nc3 Nd7 9. Bd2 a5 10. 0-0 0-0 11. Be3 a4 12. Qd2 Nc5 13. f3 Be6 14. Rac1 Qa5 15. Rfd1 Rfc8 16. Na3 Qb4 17. Rc2 h5 18. Qc1 Qa5 19. Nd5 Bxd5 20. cxd5 Nb4 21. Rc4 b5 22. Nxb5 Qxb5 23. Rxc5 Rxc5 24. Bxb5 Rxc1 25. Rxc1 Bxb2 26. Rc4 Nxa2 27. Bxa4 Nc3 28. Bc2 Ra1+ 29. Kf2 Nd1+ 30. Bxd1 Rxd1 31. Bg5 f6 32. Be3 Kf7 33. Ke2 Rh1 34. h3 f5 35. Rc2 Bf6 36. Rc1 Rxc1 37. Bxc1 fxe4 38. fxe4 Be5 39. Kf3 Bf6 40. g4 hxg4+ 41. Kxg4 Be5 42. Kg5 Bf6+ 43. Kh6 Bg7+ 44. Kh7 Bf6 45. Bd2 1/2-1/2

[Event "BCF-chT2b 1112 (4NCL)"]
[Site "England"]
[Date "2012.01.15"]
[Round "4.5"]
[White "Headlong, Timothy"]
[Black "Adams, Philip"]
[Result "1/2-1/2"]
[WhiteElo "2179"]
[BlackElo "2097"]
[PlyCount "56"]
[EventDate "2011.11.12"]
[EventType "team-match"]
[EventRounds "7"]
[EventCountry "ENG"]
[SourceTitle "EXT 2013"]
[Source "ChessBase"]
[SourceDate "2012.11.22"]
[SourceVersion "1"]
[SourceVersionDate "2012.11.22"]
[SourceQuality "1"]
[WhiteTeam "Brown Jack"]
[BlackTeam "3CS Oldham"]
[WhiteTeamCountry "ENG"]
[BlackTeamCountry "ENG"]

1. Nf3 c5 2. c4 g6 3. e4 Bg7 4. d4 cxd4 5. Nxd4 Nf6 6. Nc3 Nc6 7. Be3 0-0 8. Be2 d6 9. 0-0 Nxd4 10. Bxd4 Bd7 11. f3 a5 12. b3 Bc6 13. Qd2 Nd7 14. Bf2 Nc5 15. Rab1 b6 16. Rfc1 Re8 17. Bd1 Rb8 18. a3 h5 19. b4 axb4 20. axb4 Nd7 21. Be2 Ra8 22. Nd5 Ra3 23. Rc2 e6 24. Nc3 Be5 25. Nb5 Bxb5 26. cxb5 Qf6 27. Qc1 Rc3 28. Rxc3 Bxc3 1/2-1/2

[Event "BCF-chT2b 1112 (4NCL)"]
[Site "England"]
[Date "2011.11.13"]
[Round "2.3"]
[White "Headlong, Timothy"]
[Black "Holland, James P"]
[Result "1/2-1/2"]
[WhiteElo "2179"]
[BlackElo "2200"]
[PlyCount "40"]
[EventDate "2011.11.12"]
[EventType "team-match"]
[EventRounds "7"]
[EventCountry "ENG"]
[SourceTitle "EXT 2013"]
[Source "ChessBase"]
[SourceDate "2012.11.22"]
[SourceVersion "1"]
[SourceVersionDate "2012.11.22"]
[SourceQuality "1"]
[WhiteTeam "Brown Jack"]
[BlackTeam "AMCA Dragons"]
[WhiteTeamCountry "ENG"]
[BlackTeamCountry "ENG"]

1. Nf3 d5 2. c4 e6 3. g3 c5 4. cxd5 exd5 5. d4 Nf6 6. Bg2 Be7 7. 0-0 0-0 8. Nc3 Nc6 9. Bg5 c4 10. Rc1 h6 11. Bxf6 Bxf6 12. e3 Be6 13. b3 Na5 14. bxc4 Nxc4 15. Nd2 Rc8 16. Nxc4 Rxc4 17. Ne2 Qa5 18. Nf4 Rxc1 19. Qxc1 Qxa2 20. Qa1 Qxa1 1/2-1/2

[Event "BCF-chT3 1011 (4NCL)"]
[Site "England"]
[Date "2011.02.20"]
[Round "6.31"]
[White "Burnell, Stephen"]
[Black "Headlong, Timothy"]
[Result "0-1"]
[WhiteElo "1922"]
[BlackElo "2177"]
[PlyCount "96"]
[EventDate "2010.11.06"]
[EventType "team-swiss"]
[EventRounds "9"]
[EventCountry "ENG"]
[SourceTitle "EXT 2012"]
[Source "ChessBase"]
[SourceDate "2011.11.24"]
[SourceVersion "1"]
[SourceVersionDate "2011.11.24"]
[SourceQuality "1"]
[WhiteTeam "Braille Chess Association"]
[BlackTeam "Brown Jack"]
[WhiteTeamCountry "ENG"]
[BlackTeamCountry "ENG"]

1. d4 d5 2. c4 e6 3. Nf3 c5 4. cxd5 exd5 5. Nc3 Nc6 6. g3 Nf6 7. Bg2 Be7 8. 0-0 0-0 9. Bg5 cxd4 10. Nxd4 h6 11. Be3 Re8 12. Rc1 Bf8 13. Nxc6 bxc6 14. Na4 Bd7 15. Nc5 Bxc5 16. Bxc5 Qa5 17. a3 Qb5 18. e3 a5 19. Bd4 Ne4 20. Qc2 Rac8 21. Rfd1 c5 22. Bc3 Bc6 23. Bf1 Qb6 24. Bh3 Rb8 25. Bg2 a4 26. Bxe4 Rxe4 27. Bb4 Rc4 28. Bc3 Ba8 29. Qe2 Qe6 30. Qf1 h5 31. h3 Qe4 32. Kh2 Qf3 33. Re1 Re8 34. Bd2 Rxc1 35. Rxc1 d4 36. Re1 Bc6 37. exd4 Rxe1 38. Bxe1 cxd4 39. Bb4 h4 40. gxh4 Qf4+ 41. Kg1 Qxh4 42. Kh2 Qf4+ 43. Kg1 Qf3 44. Kh2 Kh7 45. Qg1 g6 46. Bc5 Qf4+ 47. Qg3 Qe4 48. Qg1 Qe5+ 0-1

[Event "BCF-chT2d 0809 (4NCL) Demotion pool"]
[Site "Hinckley Island"]
[Date "2009.05.03"]
[Round "11.1"]
[White "Headlong, Timothy"]
[Black "Wippermann, Till"]
[Result "0-1"]
[WhiteElo "2200"]
[BlackElo "2434"]
[PlyCount "76"]
[EventDate "2008.10.04"]
[EventType "team-tourn"]
[EventRounds "4"]
[EventCountry "ENG"]
[SourceTitle "EXT 2010"]
[Source "ChessBase"]
[SourceDate "2010.11.25"]
[SourceVersion "1"]
[SourceVersionDate "2010.11.25"]
[SourceQuality "1"]
[WhiteTeam "Brown Jack"]
[BlackTeam "Celtic Tigers"]
[WhiteTeamCountry "ENG"]
[BlackTeamCountry "ENG"]

1. Nf3 Nf6 2. c4 e6 3. g3 d5 4. Bg2 dxc4 5. Qa4+ Bd7 6. Qxc4 Bc6 7. 0-0 Bd6 8. d4 0-0 9. Nc3 Nbd7 10. Rd1 Qe7 11. Bf4 Nd5 12. Bxd6 cxd6 13. Qd3 f5 14. Nxd5 Bxd5 15. Ne1 Nf6 16. Bxd5 Nxd5 17. e4 fxe4 18. Qxe4 Rac8 19. Rac1 Qf6 20. Nd3 Qf5 21. Qxf5 exf5 22. a3 Kf7 23. Kg2 Ke6 24. h4 Rc6 25. Rxc6 bxc6 26. Rc1 Kd7 27. Rc4 Nb6 28. Rc1 Re8 29. Kf3 a5 30. Re1 Rxe1 31. Nxe1 Nc4 32. Nd3 a4 33. Kf4 Ke6 34. Nb4 Nxb2 35. Nxc6 Nc4 36. d5+ Kf6 37. f3 h6 38. Nd4 g5+ 0-1

[Event "BCF-chT2a 0809 (4NCL)"]
[Site "Hinckley Island"]
[Date "2009.03.21"]
[Round "7.1"]
[White "Headlong, Timothy"]
[Black "Swanson, Stephen"]
[Result "1/2-1/2"]
[WhiteElo "2200"]
[BlackElo "2244"]
[PlyCount "32"]
[EventDate "2008.10.04"]
[EventType "team-tourn"]
[EventRounds "7"]
[EventCountry "ENG"]
[SourceTitle "EXT 2010"]
[Source "ChessBase"]
[SourceDate "2010.11.25"]
[SourceVersion "1"]
[SourceVersionDate "2010.11.25"]
[SourceQuality "1"]
[WhiteTeam "Brown Jack"]
[BlackTeam "Poisoned Pawns"]
[WhiteTeamCountry "ENG"]
[BlackTeamCountry "ENG"]

1. Nf3 d6 2. d4 g6 3. c4 Bg7 4. Nc3 Nd7 5. e4 e5 6. Be2 Ne7 7. 0-0 0-0 8. Re1 exd4 9. Nxd4 Nc6 10. Be3 Re8 11. Qd2 Nde5 12. Rad1 Nxd4 13. Bxd4 Be6 14. b3 Qh4 15. Be3 Ng4 16. Bxg4 Qxg4 1/2-1/2

[Event "BCF-chT4 0506 (4NCL)"]
[Site "West Bromwich"]
[Date "2006.05.29"]
[Round "11.2"]
[White "Hackett, David G"]
[Black "Headlong, Timothy"]
[Result "1/2-1/2"]
[WhiteElo "2190"]
[BlackElo "2205"]
[PlyCount "32"]
[EventDate "2005.11.05"]
[EventType "team-tourn"]
[EventRounds "11"]
[EventCountry "ENG"]
[SourceTitle "CBM 109 Extra"]
[Source "ChessBase"]
[SourceDate "2006.01.03"]
[SourceVersion "2"]
[SourceVersionDate "2006.01.03"]
[SourceQuality "1"]
[WhiteTeam "Oxford II"]
[BlackTeam "Brown Jack"]
[WhiteTeamCountry "ENG"]
[BlackTeamCountry "ENG"]

1. e4 c5 2. Nc3 Nc6 3. g3 g6 4. Bg2 Bg7 5. d3 d6 6. f4 e6 7. Nf3 Nge7 8. 0-0 0-0 9. Be3 b6 10. Rb1 d5 11. Bf2 d4 12. Ne2 Bb7 13. g4 f5 14. h3 Qd7 15. Re1 Rae8 16. Bg3 Na5 1/2-1/2